| 000 | 00945nam2a22002291 4500 | ||
|---|---|---|---|
| 001 | v19\rc\1238877 | ||
| 005 | 20250617211133.0 | ||
| 035 | _a(NLR Aleph) 004357965 | ||
| 090 |
_a3337183 _c3337183 |
||
| 100 | _a20060306d1886 |||y0rusy50 ca | ||
| 101 | 0 | _arus | |
| 102 | _aRU | ||
| 105 | _aac z ||||| | ||
| 200 | 0 | _aТ. 1. Вып. 3 | |
| 210 |
_d1886 _aБ. м. |
||
| 215 |
_a212, 68, 8 с., 2 л. портр. _cил. |
||
| 461 | 0 |
_1001v19\rc\1238874 _12001#$aЖизнеописания русских военных деятелей$fПод ред. Вс. Мамышева. Т. 1-$vТ. 1. Вып. 3$90 _93337174 _cСанкт-Петербург _d1885-1887 _fПод ред. Вс. Мамышева. Т. 1- _nВ. Березовский _tЖизнеописания русских военных деятелей _vТ. 1. Вып. 3$90 |
|
| 801 | 0 |
_aRU _bNLR _gpsbo |
|
| 801 | 1 |
_aRU _bProSoft-M _2rusmarc |
|
| 852 |
_aNLR _j18.192.2.8 |
||
| 942 | _cBOOK | ||
| 980 | _aNB | ||